Anglicko-český a česko-anglický elektrotechnický a elektronický slovník /

Guardado en:
Detalles Bibliográficos
Otros Autores: Feigl, J (Compilador), Klinger, E (xxx)
Formato: Libro
Lenguaje:lenguas múltiples
Publicado: Praha : SNTL, 1965
Edición:1.vyd.
Etiquetas: Agregar Etiqueta
Sin Etiquetas, Sea el primero en etiquetar este registro!

MARC

LEADER 00000nam a22000003a 4500
001 stu957
005 20150617225618.1
008 920108s1965----cs------------------mul-d
040 |a STU  |b slo 
041 0 |a mul 
044 |a cs 
080 |a 801.316.4  |7 4969 
080 |a 621.3=20=850  |7 stu_us_auth*stu8057 
100 1 |a Feigl, J  |4 com 
245 1 |a Anglicko-český a česko-anglický elektrotechnický a elektronický slovník /  |c zodp.red. Feigl,J.; Klinger,E 
250 |a 1.vyd. 
260 |a Praha :  |b SNTL,  |c 1965 
300 |a 829 s 
700 1 |a Klinger, E  |4 xxx 
996 |b E75067  |c E*75067  |l EE18  |s P  |a 0  |w stu957_0001